ALL Cities in Idaho - Statistics

General Stats
  • This quiz has been taken 9 times
  • The average score is 54 of 200
Answer Stats
Hint Answer % Correct
B Boise
100%
I Idaho Falls
100%
C Coeur d'Alene
88%
P Pocatello
88%
T Twin Falls
88%
M Meridian
75%
I Idaho City
63%
L Lewiston
63%
N Nampa
63%
C Caldwell
50%
E Eagle
50%
F Franklin
50%
K Kuna
50%
M Moscow
50%
N Nezperce
50%
P Paul
50%
P Post Falls
50%
R Rexburg
50%
S Sun Valley
50%
A American Falls
38%
B Blackfoot
38%
B Burley
38%
C Cascade
38%
E Emmett
38%
G Garden City
38%
G Gooding
38%
H Hailey
38%
H Horseshoe Bend
38%
J Jerome
38%
K Ketchum
38%
K Kootenai
38%
M McCall
38%
M Middleton
38%
M Mountain Home
38%
P Payette
38%
R Rupert
38%
S Shoshone
38%
S Star
38%
T Teton
38%
V Victor
38%
W Weston
38%
A Aberdeen
25%
A Ammon
25%
A Arco
25%
A Arimo
25%
A Ashton
25%
A Athol
25%
B Bancroft
25%
B Basalt
25%
B Bellevue
25%
B Bonners Ferry
25%
B Buhl
25%
C Carey
25%
C Challis
25%
C Chubbuck
25%
C Clark Fork
25%
C Cottonwood
25%
C Council
25%
C Craigmont
25%
C Culdesac
25%
D Dalton Gardens
25%
D Dayton
25%
D Deary
25%
D Declo
25%
D Dover
25%
D Downey
25%
D Driggs
25%
D Dubois
25%
E Eden
25%
F Fairfield
25%
F Filer
25%
F Firth
25%
F Fruitland
25%
G Genesee
25%
G Georgetown
25%
G Glenns Ferry
25%
G Grace
25%
G Grand View
25%
G Greenleaf
25%
H Hagerman
25%
H Hansen
25%
H Hauser
25%
H Hayden
25%
H Hayden Lake
25%
H Hazelton
25%
H Heyburn
25%
H Homedale
25%
I Inkom
25%
I Iona
25%
J Juliaetta
25%
K Kamiah
25%
K Kellogg
25%
K Kimberly
25%
K Kooskia
25%
L Lapwai
25%
L Lava Hot Springs
25%
L Lewisville
25%
M Mackay
25%
M Malad City
25%
M Marsing
25%
M McCammon
25%
M Melba
25%
M Menan
25%
M Minidoka
25%
M Montpelier
25%
M Moyie Springs
25%
M Mud Lake
25%
M Mullan
25%
N New Meadows
25%
N New Plymouth
25%
N Notus
25%
O Oakley
25%
O Orofino
25%
O Osburn
25%
P Paris
25%
P Parma
25%
P Pierce
25%
P Pinehurst
25%
P Plummer
25%
P Ponderay
25%
P Potlatch
25%
P Preston
25%
P Priest River
25%
R Rathdrum
25%
R Richfield
25%
R Rigby
25%
R Riggins
25%
R Ririe
25%
R Roberts
25%
S Salmon
25%
S Sandpoint
25%
S Shelley
25%
S Smelterville
25%
S Soda Springs
25%
S Spirit Lake
25%
S St. Anthony
25%
S St. Maries
25%
S Sugar City
25%
T Troy
25%
U Ucon
25%
W Wallace
25%
W Weippe
25%
W Weiser
25%
W Wendell
25%
W Wilder
25%
W Winchester
25%
A Acequia
13%
A Albion
13%
A Atomic City
13%
B Bliss
13%
B Bloomington
13%
B Bovill
13%
B Butte City
13%
C Cambridge
13%
C Castleford
13%
C Clayton
13%
C Clifton
13%
C Crouch
13%
D Dietrich
13%
D Donnelly
13%
D Drummond
13%
E East Hope
13%
E Elk River
13%
F Ferdinand
13%
F Fernan Lake Village
13%
G Grangeville
13%
H Hamer
13%
H Harrison
13%
H Hollister
13%
H Hope
13%
H Huetter
13%
I Irwin
13%
I Island Park
13%
K Kendrick
13%
L Leadore
13%
M Malta
13%
M Midvale
13%
M Moore
13%
M Murtaugh
13%
N Newdale
13%
O Oldtown
13%
O Onaway
13%
O Oxford
13%
P Parker
13%
P Peck
13%
P Placerville
13%
R Reubens
13%
R Rockland
13%
S Spencer
13%
S Stanley
13%
S State Line
13%
S St. Charles
13%
S Stites
13%
S Swan Valley
13%
T Tensed
13%
T Tetonia
13%
W Wardner
13%
W Warm River
13%
W White Bird
13%
W Worley
13%
No matching quizzes found
Score Distribution
Percent of People with Each Score
Percentile by Number Answered
Your Score History
You have not taken this quiz